Statistics for Name All Duster Songs (Full Discography)

Click here to take the quiz!

General Stats

  • This quiz has been taken 127 times
    (113 since last reset)
  • The average score is 28 of 86

Answer Stats

Stratosphere% Correct
Stratosphere
86%
Inside Out
82%
Me and the Birds
81%
Constellations
76%
Gold Dust
76%
Orbitron
69%
Stars Will Fall
65%
The Landing
61%
Heading for the Door
60%
Moon Age
60%
Chocolate and Mint
54%
Cooking
54%
The Twins/Romantica
53%
Topical Solution
51%
N
51%
Earth Moon Transit
49%
Echo, Bravo
49%
The Queen of Hearts
49%
Four Hours
47%
Docking the Pod
44%
Unrecovery
44%
Sideria
43%
Light Years
42%
My Friends Are Cosmonauts (Demo)
42%
Diamond
40%
Two Way Radio
40%
My Friends Are Cosmonauts
39%
The Breakup Suite
39%
Reed to Hillsborough
38%
Shadows of Planes
36%
Auto-Mobile
35%
Operations
35%
Sad Boys
35%
Teeth
33%
The Phantom Facing Me
33%
I'm Lost
32%
Summer War
32%
Travelogue
32%
What You're Doing To Me
32%
Closer to the Speed of Sound
31%
Get the Dutch
31%
Letting Go
31%
Letting Go
31%
Familiar Fields
29%
Fuzz and Timbre
26%
New Directions
26%
Time Glitch
26%
Copernicus Crater
25%
Copernicus Crater
25%
Escalator
24%
Irato
24%
Retrograde
24%
Damaged
22%
Making Room
22%
August Relativity
21%
Everything You See (Is Your Own)
21%
Memphis Sophisticate
21%
Moonroam
21%
Sleepyhead
21%
And Things (Are Mostly Ghosts)
19%
Feel No Joy
19%
Ghost World
19%
Ghoulish
19%
Hoya Paranoia
19%
Want No Light to Shine
19%
Drifter
18%
Lomo
17%
Now It's Coming Back
17%
The Motion Picture
15%
The Thirteen
15%
Go Back
14%
Payote
14%
[untitled]
14%
[untitled]
14%
[untitled]
14%
[untitled]
14%
Lullaby
10%
Lucky
8%
Darby
7%
Glue
7%
Crossed the Tracks
6%
Dead Horse
6%
Distance
6%
Headstone Next Door
6%
Quiet Frontier
6%
The Tribal Life
6%

Score Distribution

Percentile by Number Answered

Percent of People with Each Score

Your Score History

You have not taken this quiz since the last reset